000 00436nam a2200193Ia 4500
003 OSt
005 20251028142437.0
008 250729s1995 xx 000 0 und d
020 _a978-9352837342
040 _cAL
041 _aeng
082 _a530 MURE
100 _aMurgeshan R
_9223506
245 _aElectricity & magnetism
260 _aNew Delhi
_c1995
300 _a639p
650 _aPhysics
_9223507
942 _2ddc
_cBED
999 _c235942
_d235942